00546nam a22001697a 450000500170000001000150001702000260003203500140005803700130007208200120008510000160009724500750011326000400018827001090022830000200033750000190035720190722123446.0 aENG-126021 a9788178443195c595.00 aEN-109553 bDBAD/PUB a026.000 aBhatt, R.K. aThe survival kit for libraries :ba marketing approach /cby R.K.Bhatt aNew DelhibR.K. Pulblicationsc2018 a4806/24, Bharat Ram Road, Darya GanjbNew Delhie110002k011-23285167, 65185557minfo@kkpublications.com a175p.c24cm(Hb) aIncludes index